| 000 | 01130nam0a2200337 4500 | ||
|---|---|---|---|
| 001 | RU\NLR\BIBL_A\012607812 | ||
| 005 | 20211125164112.0 | ||
| 010 |
_a978-5-04-116309-9 _910000 |
||
| 021 |
_aRU _bКН-П-21-034576 _9КН-П-21-2704 |
||
| 035 | _a(NLR Aleph) 012607812 | ||
| 090 |
_a12600881 _c12600881 |
||
| 100 | _a20211001d2021 e y0rusy50 ca | ||
| 101 | 1 |
_arus _ceng |
|
| 102 | _aRU | ||
| 105 | _ay z 000ay | ||
| 181 | 0 |
_ai _baxxe |
|
| 182 | 0 | _an | |
| 200 | 1 |
_aДобрая самаритянка _fДжон Маррс _gперевод с английского М.В. Смирновой |
|
| 203 |
_aТекст _bвизуальный _cнепосредственный |
||
| 210 |
_aМосква _cЭксмо _d2021 |
||
| 215 |
_a380, [3] с. _d21 |
||
| 225 | 1 | _aАльфа-триллер | |
| 320 | _aДр. кн. авт. на 1-й с. обл. | ||
| 333 | _a16+ | ||
| 686 | 1 | _aШ6(4Вл)67-446{Лх1299-60} | |
| 700 | 1 |
_aМаррс _bД. _gДжон _3RU\NLR\AUTH\770220343 |
|
| 942 | _cBOOK | ||
| 980 | _aNB | ||